logo

Bir Sreshtho Munshi Abdur Rouf Library
Jhenaidah Cadet College

Late Victorian plays, 1890-1914 / (Record no. 3870)

MARC details
000 -LEADER
fixed length control field 00967nam a2200265 4500
001 - CONTROL NUMBER
JCCL Control Number 3870
003 - CONTROL NUMBER IDENTIFIER
JCCL marc code BD-JhCC
005 - DATE AND TIME OF LATEST TRANSACTION
control field 20180304110116.0
008 - FIXED-LENGTH DATA ELEMENTS--GENERAL INFORMATION
fixed length control field 710408s1968 enk 000 0 eng
035 ## - SYSTEM CONTROL NUMBER
system control number (BD-JhCC)3870
040 ## - CATALOGING SOURCE
Original cataloging agency DLC
Transcribing agency DLC
Modifying agency DLC
041 ## - LANGUAGE CODE
Language code of Book eng
050 00 - LIBRARY OF CONGRESS CALL NUMBER
Classification number PR1271
Item number .R66
082 00 - DEWEY DECIMAL CLASSIFICATION NUMBER
Classification number 822/.8/08
Author mark and Year ROW 1968
100 1# - MAIN ENTRY--PERSONAL NAME
Personal name Rowell, George,
245 10 - TITLE STATEMENT
Title Late Victorian plays, 1890-1914 /
Statement of responsibility, etc edited with an introduction by George Rowell.
260 ## - PUBLICATION, DISTRIBUTION, ETC. (IMPRINT)
Place of publication, distribution, etc London,
-- New York [etc.]
Name of publisher, distributor, etc Oxford U.P.,
Date of publication, distribution, etc 1968.
300 ## - PHYSICAL DESCRIPTION
Pagination xv, 507 p.
Dimensions 16 cm.
350 ## - PRICE (NR) (BK AM CF MU VM SE) [OBSOLETE]
Price 18/-
490 0# - SERIES STATEMENT
Series statement The World's classics 614
505 0# - FORMATTED CONTENTS NOTE
Formatted contents note The second Mrs. Tanqueray, by A. W. Pinero.--The liars, by H. A. Jones.--The mollusc, by H. H. Davies.--The Cassilis engagement, by St. J. Hankin.--The Voysey inheritance, by H. Granville-Barker.--Justice, by J. Galsworthy.--Hindle wakes, by S. Houghton.
650 #0 - SUBJECT ADDED ENTRY--TOPICAL TERM
Topical term or geographic name as entry element English drama
Chronological subdivision 19th century.
942 ## - ADDED ENTRY ELEMENTS (KOHA)
Source of classification or shelving scheme Dewey Decimal Classification
Koha item type Books
Holdings
Source of classification or shelving scheme Damaged status Not for loan Home library Current library Shelving location Date of accession Total Checkouts Full call number Barcode Date last seen Copy number Koha item type
Dewey Decimal Classification     JCC Rouf Library JCC Rouf Library General Stacks 11/19/2017   822/.8/08 ROW 1968 4083 11/19/2017 C-1 Books

JCC Library | Contacts | JCC Home

Last Update on 23 September 2017
Copyright @ 2017-2020 JCC Rouf Library
Rouf Library, Jhenidah Cadet College (JCC), Bangladesh